Responses for Show #3984 - Thursday, December 20, 2001

Champion's winnings matched to the Families of Freedom Scholarship Fund ($10,000 minimum).
Performances by the L.A. Spirit Chorale.

Contestants

[<< previous game]

Bara Blender, a publications consultant originally from Milltown, New Jersey

Loyd Gattis, a graduate student originally from Norman, Oklahoma

Karim Moore, a civil engineer from Laurel, Maryland (whose 1-day cash winnings total $1,799)

[next game >>]

Jeopardy! Round responses

CHRISTMAS POTPOURRI
1995
TEAM NAME'S THE SAME
(Alex: I'll give you some cities, you have to identify the teams with the same name.)
THE MOUNT RUSHMORE STATE
THE CHILDREN'S HOUR
A "C.D." CATEGORY
    $200 17
a Christmas tree

Bara
    $200 6
(Loyd: What is Star Trek: Next Generation?)
(Bara: What is Star Trek: Deep Space Nine?)

Star Trek: Voyager

KarimLoydBara
    $200 1
the Giants

Loyd
    $200 16
Bill Cosby (The Cosby Show accepted)

Loyd
    $200 11
a cough drop

Karim
    $400 19
"Greensleeves"

Loyd
    $400 7
the ozone

Bara
    $400 2
the Rangers

Karim
    $400 18
Tokyo

Loyd
    $400 12
a chili dog

Karim
    $600 20
an Advent calendar

Triple Stumper
    $600 8
Monaco

Bara
    $600 3
the Kings

Loyd
    $600 26
the Missouri

Triple Stumper
    $600 23
(Alex: We have a minute to go.)

an empty nest

Loyd
    $1,200 13
Crocodile Dundee

Karim
    $800 21
"Adeste Fideles"

Loyd
    $800 9
the United Nations

Loyd
    $800 4
the Oilers

Karim
    $800 27
[The end-of-round signal sounds.]

Wounded Knee

Triple Stumper
    $800 24
George Foreman

Loyd
    $800 14
Camp David

Karim
    $1000 22
(Thornton) Wilder

Bara
    $1000 10
Milwaukee

Triple Stumper
    $1000 5
the Senators

Karim
    $1000 25
Jacob

Karim
    $1000 15
the City Desk

Bara

Scores at the first commercial break (after clue 15):

Karim Loyd Bara
$5,000 $1,400 $1,800

Scores at the end of the Jeopardy! Round:

Karim Loyd Bara
$6,000 $4,600 $3,000

Double Jeopardy! Round responses

U.S. PRESIDENTS
SHAKESPEARE
CATHEDRALS
COMMON BONDS
TV TALK SHOW HOSTS
A SEEDY CATEGORY
    $400 16
Gerald Ford

Karim
    $400 21
(Karim: ...What is the... mouth?)

head

KarimLoyd
    $400 27
Germany

Loyd
    $400 3
lettuce

Loyd
    $400 1
Bill Maher

Karim
    $400 8
a nut

Bara
    $800 17
(Karim: Who is Coolidge?)

Hoover

KarimBara
    $800 22
Hamlet

Triple Stumper
    $800 28
Gothic

Bara
    $800 4
bats

Karim
    $800 2
Conan O'Brien

Karim
    $800 9
an ant

Bara
    $1,500 18
Eisenhower

Bara
    $1,000 23
(Loyd: What is King Lear?)

Macbeth

Loyd
    $1200 26
St. Patrick's

Bara
    $1200 13
forks

Loyd
    $1200 5
Star Jones

Karim
    $1200 10
pollination (or fertilization)

Bara
    $1600 19
(Karim: Who is Harding?)

William Howard Taft

Karim
Triple Stumper
    $1600 24
(Lloyd: What is Troilus and [*]?)
(Alex: [*], yes.)

Cressida

Loyd
    $1600 29
the National Cathedral

Loyd
    $1600 14
winged

Karim
    $1600 6
Dinah Shore

Bara
    $1600 11
oil seeds

Triple Stumper
    $2000 20
John Quincy Adams

Triple Stumper
    $2000 25
(Alex: Less than a minute to go now, Loyd.)

Arden

Triple Stumper
    $2000 30
Basil

Bara
    $2000 15
rolling

Karim
    $2000 7
(Bara: Who is Phil Donahue?)

Mike Douglas

Bara
Triple Stumper
    $2000 12
angiosperms

Triple Stumper

Scores at the end of the Double Jeopardy! Round:

Karim Loyd Bara
$10,400 $9,200 $11,300

[wagering suggestions for these scores]

Final Jeopardy! Round responses

MOVIE SOUNDTRACKS
LoydWhat is Detroit Rock City?
$4,000
KarimWhat is Battlefield Ea
$8,600
BaraWhat is Shakespeare in Love?
$9,501
Almost Famous

Final scores:

Karim Loyd Bara
$1,800 $5,200 $1,799
2nd place: a ski trip for 2 to Aspen Snowmass, CO provided by Ski.com New champion: $5,200 3rd place: a trip for 2 to San Diego, CA and the Zoo

Game dynamics:

Coryat scores:

Karim Loyd Bara
$9,800 $10,200 $11,000
16 R
(including 1 DD),
3 W
15 R,
2 W
(including 1 DD)
14 R
(including 1 DD),
2 W

Combined Coryat: $31,000

[game clues] [game scores] [suggest correction]

Game tape date: 2001-10-22
The J! Archive is created by fans, for fans. Scraping, republication, monetization, and malicious use prohibited; this site may use cookies and collect identifying information. See terms. The Jeopardy! game show and all elements thereof, including but not limited to copyright and trademark thereto, are the property of Jeopardy Productions, Inc. and are protected under law. This website is not affiliated with, sponsored by, or operated by Jeopardy Productions, Inc. Join the discussion at JBoard.tv.